| 000 | 01322cam a2200289 a 4500 | ||
|---|---|---|---|
| 001 | 11874763 | ||
| 003 | OSt | ||
| 005 | 20211221144055.0 | ||
| 008 | 991221s2001 nyua b 001 0 eng | ||
| 010 | _a 99087968 | ||
| 020 | _a9780716764281 | ||
| 020 | _a0716764281 | ||
| 040 |
_aDLC _cDLC _dDLC |
||
| 050 | 0 | 0 | _aBF121.M94 |
| 082 | 0 | 0 |
_a150 _221 |
| 100 | 1 | _aMyers, David G. | |
| 245 | 1 | 0 |
_aPsychology. / _cDavid G. Myers. |
| 250 | _a8th ed. | ||
| 260 |
_aNew York : _bWorth Publishers, _c2007. |
||
| 300 |
_axxxvii, 772 + [various pagings] : _bill. (some col.) ; _c29 cm. |
||
| 504 | _aIncludes bibliographical references and indexes. | ||
| 505 | _aContents: Thinking critically with psychological science -- Neuroscience and behavior -- The Nature and nurture of behavior --The Developing person -- Sensation -- Perception --States of consciousness -- Learning -- Memory -- Thinking and language -- Intelligence -- Motivation and work -- Emotion -- Stress and health -- Personality -- Psychological disorders -- Therapy -- Social psychology -- Careers in Psychology -- | ||
| 650 | 0 | _aPsychology. | |
| 906 |
_a7 _bcbc _corignew _d1 _eocip _f19 _gy-gencatlg |
||
| 942 |
_2lcc _cBK |
||
| 999 |
_c8358 _d15858 |
||